| 000 | 01425nam a2200361 c 4500 | ||
|---|---|---|---|
| 003 | BLK | ||
| 005 | 20180420222028.0 | ||
| 008 | 180408b bul|||||r ||||||| ||bul|| | ||
| 010 | _aKNG00053847000 | ||
| 040 | _aBLK | ||
| 041 |
_aBUL _cBUL |
||
| 080 |
_aВътрешна политика. Вж и 329 _b323 _x(497.2)(075.4) _z323(497.2)(075.4) |
||
| 100 | 1 |
_aГанчев, Тодор Ив. _eпърви автор _9282958 |
|
| 139 |
_aГанчев, Тодор Ив. _bГ 22 |
||
| 245 | 1 | 0 |
_aНов етап в развитието на българската социалистическа нация _bУч. помагало за системата на парт. просв. _cТодор Ив. Ганчев. |
| 257 | _aBGR | ||
| 260 |
_аСофия _bПартиздат _c1987 |
||
| 300 |
_a31 с. _c20 см |
||
| 380 | _a3 | ||
| 490 | 1 | _aЗа партийната просвета | |
| 500 | _a37 110 тир. | ||
| 650 | 4 |
_aБългария - вътрешна политика - учебни помагала _9260621 |
|
| 651 | 4 |
_aБългария _9241624 |
|
| 653 | _aсоциалистическо общество | ||
| 653 | _aвътрешна политика | ||
| 653 | _aБългария | ||
| 653 | _aучебници | ||
| 852 | _aЦб 146062 | ||
| 856 | 4 |
_qpdf _u |
|
| 856 | 4 |
_qpdf _u |
|
| 942 |
_cKNG _n0 |
||
| 944 |
_aCR _c13.09.2016 _kСевдалина_Василева |
||
| 944 |
_aED _c13.09.2016 _kСевдалина_Василева |
||
| 999 |
_c49982 _d49982 |
||